[Event "Tatry op"]
[Site "Tatranske Zruby"]
[Date "2020.09.27"]
[Round "2"]
[White "Koval, Michal"]
[Black "Jablonicky, Martin"]
[Result "1/2-1/2"]
[WhiteElo "2017"]
[BlackElo "2318"]
[PlyCount "93"]
[EventDate "2020.09.26"]
[EventType "swiss"]
[EventRounds "9"]
[EventCountry "SVK"]
[SourceTitle "CBM 198 Extra"]
[Source "ChessBase"]
[SourceDate "2020.11.30"]
[SourceVersion "1"]
[SourceVersionDate "2020.11.30"]
[SourceQuality "1"]

1. e4 g6 2. d4 Bg7 3. Nf3 d6 4. Nc3 Nf6 5. Be3 c6 6. Qd2 b5 7. a3 0-0 8. Bh6 Bg4 9. Bxg7 Kxg7 10. h3 Bxf3 11. gxf3 e5 12. 0-0-0 Nbd7 13. f4 a5 14. fxe5 dxe5 15. dxe5 Nxe5 16. Qxd8 Rfxd8 17. Rxd8 Rxd8 18. f4 Nf3 19. Bd3 b4 20. Na4 bxa3 21. bxa3 Nd4 22. Nc5 Ne6 23. Nxe6+ fxe6 24. Rg1 Nh5 25. f5 Nf4 26. fxg6 Rxd3 27. gxh7+ Kxh7 28. cxd3 Ne2+ 29. Kb2 Nxg1 30. Kb3 Nxh3 31. d4 Nf2 32. Ka4 Nxe4 33. Kxa5 Kg6 34. Kb6 Nc3 35. Kxc6 Kf6 36. Kc5 Ke7 37. Kc4 Nd5 38. Kc5 Kd7 39. a4 Kc7 40. a5 Nf6 41. a6 Ne4+ 42. Kb5 Nd6+ 43. Kc5 Nc8 44. Kb5 Kd6 45. Kc4 Kc6 46. Kd3 Nd6 47. d5+ 1/2-1/2

[Event "SVK-chT2A 1920"]
[Site "Slovakia"]
[Date "2019.12.15"]
[Round "6.4"]
[White "Koval, Michal"]
[Black "Kovacocy, Pavol"]
[Result "0-1"]
[WhiteElo "2027"]
[BlackElo "2299"]
[PlyCount "74"]
[EventDate "2019.10.26"]
[EventType "team-tourn"]
[EventRounds "11"]
[EventCountry "SVK"]
[SourceTitle "CBM 194 Extra"]
[Source "ChessBase"]
[SourceDate "2020.03.31"]
[SourceVersion "1"]
[SourceVersionDate "2020.03.31"]
[SourceQuality "1"]
[WhiteTeam "Senec"]
[BlackTeam "Cifer"]
[WhiteTeamCountry "SVK"]
[BlackTeamCountry "SVK"]

1. e4 c5 2. Nf3 g6 3. d4 cxd4 4. Nxd4 Nc6 5. c4 Nf6 6. Nc3 d6 7. Be2 Bg7 8. Be3 0-0 9. 0-0 Nxd4 10. Bxd4 Bd7 11. Qd2 Bc6 12. f3 Nd7 13. Be3 Nc5 14. Rab1 a5 15. b3 e6 16. Nb5 Be5 17. g3 Qe7 18. Nd4 Rfd8 19. a3 d5 20. b4 dxe4 21. Nxc6 bxc6 22. Qc2 axb4 23. axb4 Nd3 24. Rfd1 Nxb4 25. Qxe4 Bg7 26. Rxd8+ Rxd8 27. Rd1 Rxd1+ 28. Bxd1 h5 29. Ba4 c5 30. Qa8+ Kh7 31. Qe8 Qf6 32. Kg2 Nd3 33. Bc6 Qb2+ 34. Kh3 Qe2 35. Bg5 Nf2+ 36. Kh4 Ne4 37. Bxe4 Qxh2# 0-1

[Event "SVK-chT2A 1617"]
[Site "Slovakia"]
[Date "2017.02.12"]
[Round "9.7"]
[White "Koval, Michal"]
[Black "Mosny, Jaroslav"]
[Result "1/2-1/2"]
[WhiteElo "2038"]
[BlackElo "1961"]
[PlyCount "51"]
[EventDate "2016.10.08"]
[EventType "team-tourn"]
[EventRounds "11"]
[EventCountry "SVK"]
[SourceTitle "EXT 2018"]
[Source "ChessBase"]
[SourceDate "2017.10.13"]
[SourceVersion "1"]
[SourceVersionDate "2017.10.13"]
[SourceQuality "1"]
[WhiteTeam "Senec"]
[BlackTeam "Trnava Lokomotiva II"]
[WhiteTeamCountry "SVK"]
[BlackTeamCountry "SVK"]

1. e4 e5 2. Nf3 d6 3. d4 exd4 4. Nxd4 g6 5. Nc3 Bg7 6. Bc4 Nf6 7. f3 0-0 8. Bg5 c6 9. Qd2 Nbd7 10. h4 Ne5 11. Be2 h5 12. 0-0-0 Qc7 13. Qf4 Nh7 14. Bh6 Qe7 15. Bxg7 Kxg7 16. g4 hxg4 17. fxg4 Be6 18. g5 Rad8 19. Rdg1 f6 20. gxf6+ Qxf6 21. Qe3 Bc8 22. Rf1 Qe7 23. h5 Rxf1+ 24. Rxf1 Qg5 25. Qxg5 Nxg5 26. Rg1 1/2-1/2

[Event "SVK-chT1E 1112"]
[Site "Slovakia"]
[Date "2012.03.03"]
[Round "10.7"]
[White "Hlinka, Vasil"]
[Black "Koval, Michal"]
[Result "1/2-1/2"]
[WhiteElo "2132"]
[BlackElo "2041"]
[PlyCount "41"]
[EventDate "2011.10.15"]
[EventType "team-tourn"]
[EventRounds "11"]
[EventCountry "SVK"]
[SourceTitle "EXT 2013"]
[Source "ChessBase"]
[SourceDate "2012.11.22"]
[SourceVersion "1"]
[SourceVersionDate "2012.11.22"]
[SourceQuality "1"]
[WhiteTeam "Kosice Slavia"]
[BlackTeam "Bardejov"]
[WhiteTeamCountry "SVK"]
[BlackTeamCountry "SVK"]

1. d4 Nf6 2. Nf3 e6 3. e3 b6 4. Bd3 Bb7 5. Nbd2 Be7 6. b3 c5 7. Bb2 d6 8. 0-0 Nbd7 9. Qe2 h6 10. a4 Qc7 11. Nc4 0-0 12. Rfe1 Rfe8 13. a5 Bf8 14. axb6 axb6 15. dxc5 bxc5 16. e4 d5 17. Ncd2 d4 18. Bb5 e5 19. Nh4 Rxa1 20. Rxa1 Ra8 21. Rxa8 1/2-1/2

[Event "SVK-chT1E 1112"]
[Site "Slovakia"]
[Date "2012.02.04"]
[Round "8.4"]
[White "Zvarikova, Alexandra"]
[Black "Koval, Michal"]
[Result "0-1"]
[WhiteElo "2037"]
[BlackElo "2041"]
[PlyCount "86"]
[EventDate "2011.10.15"]
[EventType "team-tourn"]
[EventRounds "11"]
[EventCountry "SVK"]
[SourceTitle "EXT 2013"]
[Source "ChessBase"]
[SourceDate "2012.11.22"]
[SourceVersion "1"]
[SourceVersionDate "2012.11.22"]
[SourceQuality "1"]
[WhiteTeam "Zilina Mladost"]
[BlackTeam "Bardejov"]
[WhiteTeamCountry "SVK"]
[BlackTeamCountry "SVK"]

1. e4 c5 2. Nc3 g6 3. g3 Bg7 4. Bg2 Nc6 5. d3 d6 6. f4 e6 7. Nf3 Nge7 8. 0-0 0-0 9. Be3 Rb8 10. Qd2 b5 11. e5 dxe5 12. Bxc5 Qc7 13. Ne4 Rd8 14. fxe5 Nxe5 15. Nxe5 Bxe5 16. Qg5 Nf5 17. Kh1 Bb7 18. Bxa7 Bxe4 19. dxe4 Qxa7 20. exf5 exf5 21. Rad1 f6 22. Qh6 Qxa2 23. b3 Qxc2 24. Rxd8+ Rxd8 25. Qe3 Rd3 26. Qa7 Qxb3 27. Qa8+ Kg7 28. Qb7+ Kh6 29. Qc8 Rd1 30. Qf8+ Kg5 31. Qc5 Bd4 32. Qc6 Qd3 33. h4+ Kh6 34. Rxd1 Qxd1+ 35. Kh2 Bg1+ 36. Kh1 Bd4+ 37. Kh2 b4 38. Qa8 Bg1+ 39. Kh1 Bc5+ 40. Kh2 b3 41. Qa4 Qg1+ 42. Kh3 Qe3 43. Qb5 Bd6 0-1

[Event "Bratislava Slovan op"]
[Site "Bratislava"]
[Date "2011.06.12"]
[Round "7"]
[White "Koval, Michal"]
[Black "Voros, Gellert"]
[Result "1-0"]
[WhiteElo "2065"]
[BlackElo "1895"]
[PlyCount "89"]
[EventDate "2011.06.07"]
[EventType "swiss"]
[EventRounds "9"]
[EventCountry "SVK"]
[SourceTitle "EXT 2023"]
[Source "ChessBase"]
[SourceDate "2022.10.05"]
[SourceVersion "1"]
[SourceVersionDate "2022.10.05"]
[SourceQuality "1"]

1. e4 e5 2. Nf3 Nc6 3. Bc4 Bc5 4. c3 Nf6 5. d3 d6 6. Nbd2 a6 7. Bb3 0-0 8. 0-0 Ba7 9. h3 h6 10. Re1 Nh5 11. Nf1 Qf6 12. Be3 Nf4 13. Bxa7 Rxa7 14. Ne3 Ra8 15. Nd5 Nxd5 16. Bxd5 Be6 17. Bb3 Ne7 18. d4 Ng6 19. Kh2 Rfd8 20. d5 Bd7 21. g3 c5 22. Qe2 Nf8 23. Nd2 b5 24. Rf1 g5 25. Qe3 Qg6 26. Bd1 a5 27. f4 f6 28. fxe5 fxe5 29. Bg4 Bxg4 30. hxg4 Nd7 31. Rf5 Rf8 32. Kg2 Rf6 33. a4 bxa4 34. Nc4 Rff8 35. Rxa4 Rfb8 36. Qf2 Rb5 37. Qe2 Nb6 38. Nxd6 Rb3 39. Qc2 Rxb2 40. Qxb2 Nxa4 41. Qb7 Rd8 42. Nf7 Rf8 43. Nxe5 Qe8 44. Rxf8+ Kxf8 45. Nd7+ 1-0

[Event "Bratislava Slovan op"]
[Site "Bratislava"]
[Date "2011.06.11"]
[Round "5"]
[White "Koval, Michal"]
[Black "Danada, Ondrej"]
[Result "1/2-1/2"]
[WhiteElo "2065"]
[BlackElo "1897"]
[PlyCount "49"]
[EventDate "2011.06.07"]
[EventType "swiss"]
[EventRounds "9"]
[EventCountry "SVK"]
[SourceTitle "EXT 2023"]
[Source "ChessBase"]
[SourceDate "2022.10.05"]
[SourceVersion "1"]
[SourceVersionDate "2022.10.05"]
[SourceQuality "1"]

1. e4 c6 2. d4 d5 3. exd5 cxd5 4. Bd3 Nc6 5. c3 Nf6 6. Bf4 Bg4 7. Qb3 Qd7 8. Nd2 e6 9. Ngf3 Nh5 10. Be3 Bd6 11. h3 Bxf3 12. Nxf3 Nf4 13. Bxf4 Bxf4 14. 0-0 0-0 15. Rfe1 Qc7 16. Qc2 g6 17. g3 Bd6 18. Kg2 a6 19. Qd2 Kg7 20. h4 h5 21. Qg5 b5 22. Ne5 Nxe5 23. dxe5 Be7 24. Qf4 Qb6 25. Rac1 1/2-1/2

[Event "Bratislava Slovan op"]
[Site "Bratislava"]
[Date "2011.06.10"]
[Round "4"]
[White "Janos, Martin"]
[Black "Koval, Michal"]
[Result "1-0"]
[WhiteElo "2259"]
[BlackElo "2065"]
[PlyCount "51"]
[EventDate "2011.06.07"]
[EventType "swiss"]
[EventRounds "9"]
[EventCountry "SVK"]
[SourceTitle "EXT 2023"]
[Source "ChessBase"]
[SourceDate "2022.10.05"]
[SourceVersion "1"]
[SourceVersionDate "2022.10.05"]
[SourceQuality "1"]

1. e4 c5 2. f4 d5 3. Nc3 d4 4. Nb1 Nf6 5. Bb5+ Bd7 6. Bxd7+ Qxd7 7. d3 Nc6 8. Nf3 g6 9. 0-0 Bg7 10. Qe1 Qc7 11. Na3 a6 12. Bd2 0-0 13. Qh4 h6 14. Rf2 Nh7 15. g4 f5 16. gxf5 gxf5 17. e5 e6 18. Rg2 Kh8 19. Kf2 b5 20. Rg6 Qd7 21. Rag1 Rg8 22. Qh3 Qf7 23. Qg2 Rad8 24. Nh4 Ne7 25. Qb7 Nf8 26. R6g3 1-0

[Event "SVK-chT 1011"]
[Site "Slovakia"]
[Date "2011.01.15"]
[Round "3.8"]
[White "Podoba, Milan"]
[Black "Koval, Michal"]
[Result "1-0"]
[WhiteElo "2167"]
[BlackElo "2088"]
[PlyCount "93"]
[EventDate "2010.11.27"]
[EventType "team-tourn"]
[EventRounds "11"]
[EventCountry "SVK"]
[SourceTitle "EXT 2012"]
[Source "ChessBase"]
[SourceDate "2011.11.24"]
[SourceVersion "1"]
[SourceVersionDate "2011.11.24"]
[SourceQuality "1"]
[WhiteTeam "Dubnica nad Vahom"]
[BlackTeam "Bardejov"]
[WhiteTeamCountry "SVK"]
[BlackTeamCountry "SVK"]

1. e4 c5 2. Nf3 e6 3. d4 cxd4 4. Nxd4 a6 5. c4 Nf6 6. Nc3 Bb4 7. Bd3 Nc6 8. Be3 Qc7 9. Rc1 Ne5 10. a3 Bxc3+ 11. Rxc3 Neg4 12. Bg5 Qc5 13. Bxf6 Nxf6 14. Nb3 Qc7 15. Qe2 e5 16. c5 b6 17. 0-0 0-0 18. Rfc1 b5 19. Nd2 Bb7 20. Bb1 Qc6 21. Qf3 d6 22. Qf5 dxc5 23. Rxc5 Qd6 24. Nf3 Nd7 25. R5c3 Rac8 26. Ng5 g6 27. Qh3 h5 28. Qe3 Rxc3 29. Qxc3 Rc8 30. Qe1 Nc5 31. Ba2 Ne6 32. Bxe6 fxe6 33. Rxc8+ Bxc8 34. h4 Bb7 35. Qc3 Kg7 36. Qf3 Qe7 37. Qg3 Kf6 38. Nf3 Qd6 39. Qg5+ Kg7 40. Qe3 Qc7 41. Ng5 Qd7 42. Qc5 Bc8 43. Qxe5+ Kg8 44. Qf6 Qe8 45. e5 a5 46. Ne4 Qf7 47. Qxf7+ 1-0

[Event "SVK-chT1E 0910"]
[Site "Slovakia"]
[Date "2010.01.16"]
[Round "6.6"]
[White "Koval, Michal"]
[Black "Najgebauer, Szemjon"]
[Result "0-1"]
[WhiteElo "2068"]
[BlackElo "2182"]
[PlyCount "62"]
[EventDate "2009.10.17"]
[EventType "team"]
[EventRounds "11"]
[EventCountry "SVK"]
[SourceTitle "EXT 2011"]
[Source "ChessBase"]
[SourceDate "2010.11.26"]
[SourceVersion "1"]
[SourceVersionDate "2010.11.26"]
[SourceQuality "1"]
[WhiteTeam "Bardejov BSK"]
[BlackTeam "Kosice Slavia II"]
[WhiteTeamCountry "SVK"]
[BlackTeamCountry "SVK"]

1. e4 c5 2. Nf3 Nc6 3. d4 cxd4 4. Nxd4 Nf6 5. Nc3 e5 6. Ndb5 d6 7. Bg5 a6 8. Na3 b5 9. Nd5 Be7 10. Bxf6 Bxf6 11. c3 0-0 12. Qf3 Bg5 13. Bd3 Ne7 14. Nxe7+ Bxe7 15. Nc2 Be6 16. Ne3 Qd7 17. h4 Rab8 18. b3 a5 19. c4 a4 20. Nd5 bxc4 21. Bxc4 Bd8 22. Qd3 Ba5+ 23. Ke2 Kh8 24. Ne3 axb3 25. axb3 Bb6 26. Nf5 Bc5 27. Ra2 Rb4 28. Rd1 g6 29. Nxd6 Qxd6 30. Qxd6 Bxd6 31. Rxd6 Rxc4 0-1

[Event "SVK-chT1E 0809"]
[Site "Slovakia"]
[Date "2009.03.07"]
[Round "10.2"]
[White "Kraml, Maros"]
[Black "Koval, Michal"]
[Result "1/2-1/2"]
[WhiteElo "2033"]
[BlackElo "2086"]
[PlyCount "39"]
[EventDate "2008.10.18"]
[EventType "team-tourn"]
[EventRounds "11"]
[EventCountry "SVK"]
[SourceTitle "EXT 2010"]
[Source "ChessBase"]
[SourceDate "2010.11.25"]
[SourceVersion "1"]
[SourceVersionDate "2010.11.25"]
[SourceQuality "1"]
[WhiteTeam "Banska Bystrica TH junior"]
[BlackTeam "Bardejov BSK"]
[WhiteTeamCountry "SVK"]
[BlackTeamCountry "SVK"]

1. e4 c5 2. Nf3 e6 3. d4 cxd4 4. Nxd4 a6 5. c4 Nf6 6. Nc3 Bb4 7. Bd3 Nc6 8. Nf3 Qc7 9. 0-0 0-0 10. Bg5 Ng4 11. Bh4 Nge5 12. Bg3 Be7 13. Rc1 d6 14. a3 Rd8 15. b4 b6 16. Qe2 Bb7 17. Rfd1 Bf6 18. Kh1 Nxf3 19. Qxf3 Rac8 20. Nb5 1/2-1/2

[Event "SVK-chT1E 0809"]
[Site "Slovakia"]
[Date "2009.02.08"]
[Round "9.5"]
[White "Salata, Tibor"]
[Black "Koval, Michal"]
[Result "1/2-1/2"]
[WhiteElo "2020"]
[BlackElo "2086"]
[PlyCount "86"]
[EventDate "2008.10.18"]
[EventType "team-tourn"]
[EventRounds "11"]
[EventCountry "SVK"]
[SourceTitle "EXT 2010"]
[Source "ChessBase"]
[SourceDate "2010.11.25"]
[SourceVersion "1"]
[SourceVersionDate "2010.11.25"]
[SourceQuality "1"]
[WhiteTeam "Rajecke Teplice"]
[BlackTeam "Bardejov BSK"]
[WhiteTeamCountry "SVK"]
[BlackTeamCountry "SVK"]

1. e4 c5 2. Nf3 e6 3. d4 cxd4 4. Nxd4 a6 5. c4 Nf6 6. Nc3 Bb4 7. Bd3 Nc6 8. Bc2 Qc7 9. 0-0 b6 10. Nxc6 dxc6 11. Be3 e5 12. Na4 Rb8 13. a3 Be7 14. b4 Ng4 15. Bd2 0-0 16. f3 Nf6 17. c5 bxc5 18. Nxc5 Bxc5+ 19. bxc5 Rd8 20. Qe2 Be6 21. Rfb1 Nd7 22. Be3 Qa5 23. Qe1 Rxb1 24. Rxb1 Qxa3 25. Ra1 Qb2 26. Ba4 Qb7 27. Qa5 Rb8 28. Bc2 Bc4 29. Rb1 Qc8 30. Rb4 Rxb4 31. Qxb4 Bb5 32. Qc3 h6 33. Bb1 Qd8 34. Kf2 Qh4+ 35. Kg1 Qe7 36. g3 Qe6 37. Kg2 Qc4 38. Qxc4 Bxc4 39. Bc2 Bb5 40. Kf2 a5 41. Bb3 a4 42. Ba2 Nb8 43. Bc1 Nd7 1/2-1/2

[Event "SVK-chT1E 0809"]
[Site "Slovakia"]
[Date "2009.02.07"]
[Round "8.5"]
[White "Kostelny, Jozef"]
[Black "Koval, Michal"]
[Result "1/2-1/2"]
[WhiteElo "2195"]
[BlackElo "2086"]
[PlyCount "160"]
[EventDate "2008.10.18"]
[EventType "team-tourn"]
[EventRounds "11"]
[EventCountry "SVK"]
[SourceTitle "EXT 2010"]
[Source "ChessBase"]
[SourceDate "2010.11.25"]
[SourceVersion "1"]
[SourceVersionDate "2010.11.25"]
[SourceQuality "1"]
[WhiteTeam "Zilina Mladost"]
[BlackTeam "Bardejov BSK"]
[WhiteTeamCountry "SVK"]
[BlackTeamCountry "SVK"]

1. d4 d5 2. c4 e6 3. cxd5 exd5 4. Nc3 c6 5. Qc2 g6 6. Nf3 Bf5 7. Qd1 Nd7 8. h3 Ngf6 9. e3 Bd6 10. Bd3 Bxd3 11. Qxd3 0-0 12. 0-0 Re8 13. b3 Ne4 14. Bb2 Re6 15. Nd2 Nxd2 16. Qxd2 f5 17. Na4 Qg5 18. Nc5 Nxc5 19. dxc5 Be7 20. Qb4 b6 21. Rac1 Qh4 22. Qd2 Bf6 23. cxb6 axb6 24. Rxc6 Rxc6 25. Qxd5+ Kg7 26. Qd7+ Kh6 27. Qxc6 Rf8 28. g3 Qe4 29. Qxe4 fxe4 30. Bxf6 Rxf6 31. Rc1 Kg5 32. Rc4 Kf5 33. f3 Rd6 34. g4+ Kg5 35. Rxe4 Kh4 36. Rd4 Rc6 37. Rc4 Rd6 38. Rd4 Rc6 39. Kf2 Rc2+ 40. Ke1 Rxa2 41. f4 Kg3 42. f5 Kf3 43. Rd6 gxf5 44. gxf5 Kxe3 45. Re6+ Kd4 46. f6 Ra8 47. Rxb6 Rf8 48. Kf2 Kc5 49. Re6 Kd5 50. Ra6 Ke5 51. Rb6 Rf7 52. b4 Kf5 53. Kf3 Rc7 54. b5 Rc3+ 55. Kg2 Kg6 56. Rc6 Rb3 57. b6 h5 58. h4 Rb4 59. Kg3 Rg4+ 60. Kh3 Rb4 61. f7+ Kxf7 62. Rc7+ Kg6 63. b7 Rb3+ 64. Kg2 Kf5 65. Rg7 Kf4 66. Kf2 Rb2+ 67. Ke1 Ke3 68. Kd1 Kd3 69. Kc1 Rb6 70. Rd7+ Kc3 71. Kd1 Rb2 72. Ke1 Kc4 73. Rh7 Kd3 74. Rxh5 Rxb7 75. Kf2 Ke4 76. Kg3 Rg7+ 77. Rg5 Rxg5+ 78. hxg5 Kf5 79. Kh4 Kg6 80. Kg4 Kg7 1/2-1/2

[Event "SVK-chT2D 0708"]
[Site "Slovakia"]
[Date "2007.12.01"]
[Round "5.1"]
[White "Koval, Michal"]
[Black "Ondik, Jan"]
[Result "1-0"]
[WhiteElo "2074"]
[BlackElo "1705"]
[PlyCount "37"]
[EventDate "2007.10.06"]
[EventType "team-tourn"]
[EventRounds "11"]
[EventCountry "SVK"]
[SourceTitle "EXT 2010"]
[Source "ChessBase"]
[SourceDate "2010.11.25"]
[SourceVersion "1"]
[SourceVersionDate "2010.11.25"]
[SourceQuality "1"]
[WhiteTeam "Bardejov BSK"]
[BlackTeam "Zborov Magura"]
[WhiteTeamCountry "SVK"]
[BlackTeamCountry "SVK"]

1. e4 e6 2. d4 d5 3. Nd2 Nf6 4. e5 Nfd7 5. Bd3 c5 6. c3 Nc6 7. Ne2 cxd4 8. cxd4 Be7 9. Nf3 0-0 10. 0-0 f6 11. Nf4 Nb6 12. Re1 fxe5 13. Nxe5 Nxe5 14. Rxe5 Bd6 15. Qh5 h6 16. Nxe6 Bxe6 17. Rxe6 Bf4 18. Bxf4 Rxf4 19. Rxh6 1-0

[Event "SVK-chT2D 0708"]
[Site "Slovakia"]
[Date "2007.11.03"]
[Round "3.27"]
[White "Recky, Norbert"]
[Black "Koval, Michal"]
[Result "1/2-1/2"]
[WhiteElo "1965"]
[BlackElo "2074"]
[PlyCount "60"]
[EventDate "2007.10.06"]
[EventType "team-tourn"]
[EventRounds "11"]
[EventCountry "SVK"]
[SourceTitle "EXT 2010"]
[Source "ChessBase"]
[SourceDate "2010.11.25"]
[SourceVersion "1"]
[SourceVersionDate "2010.11.25"]
[SourceQuality "1"]
[WhiteTeam "Spisska Nova Ves"]
[BlackTeam "Bardejov BSK"]
[WhiteTeamCountry "SVK"]
[BlackTeamCountry "SVK"]

1. e4 c5 2. Nf3 e6 3. d4 cxd4 4. Nxd4 a6 5. Nc3 Qc7 6. Bd3 b5 7. 0-0 Bb7 8. Kh1 Nf6 9. f3 d6 10. Bg5 Nbd7 11. Qd2 b4 12. Na4 d5 13. exd5 Nxd5 14. Rae1 Ne5 15. f4 Nxd3 16. cxd3 Qd7 17. b3 Bd6 18. f5 e5 19. Nf3 f6 20. Bh4 0-0 21. d4 Qxf5 22. Nxe5 Qh5 23. Nc4 Bxh2 24. Kxh2 Qxh4+ 25. Kg1 Rad8 26. Nc5 Bc8 27. Re4 Qh5 28. Rfe1 Bf5 29. R4e2 Bg4 30. Re4 Bf5 1/2-1/2

[Event "SVK-chT2D 0607"]
[Site "Slovakia"]
[Date "2006.10.15"]
[Round "2.3"]
[White "Koval, Michal"]
[Black "Kapisovsky, Jozef"]
[Result "1-0"]
[WhiteElo "2081"]
[BlackElo "1825"]
[PlyCount "49"]
[EventDate "2006.10.14"]
[EventType "team-tourn"]
[EventRounds "11"]
[EventCountry "SVK"]
[SourceTitle "EXT 2008"]
[Source "ChessBase"]
[SourceDate "2007.11.25"]
[SourceVersion "1"]
[SourceVersionDate "2007.11.25"]
[SourceQuality "1"]
[WhiteTeam "Bardejov BSK"]
[BlackTeam "Presov PSK"]
[WhiteTeamCountry "SVK"]
[BlackTeamCountry "SVK"]

1. e4 c5 2. Nf3 Nc6 3. d4 cxd4 4. Nxd4 d6 5. Nc3 g6 6. Be3 Bg7 7. Qd2 Nf6 8. f3 0-0 9. 0-0-0 Nxd4 10. Bxd4 Be6 11. Nd5 Bxd5 12. exd5 Qc7 13. Kb1 Rac8 14. Rc1 a6 15. g4 Nd7 16. Bxg7 Kxg7 17. h4 Nf6 18. h5 Qc5 19. hxg6 fxg6 20. c4 b5 21. Qh6+ Kg8 22. Bd3 Qa7 23. g5 e5 24. gxf6 Rxf6 25. cxb5 1-0

[Event "SVK-chT1E 0506"]
[Site "Slovakia"]
[Date "2006.03.04"]
[Round "10"]
[White "Kendi, Stefan"]
[Black "Koval, Michal"]
[Result "0-1"]
[WhiteElo "2039"]
[BlackElo "2083"]
[PlyCount "92"]
[EventDate "2005.10.15"]
[EventType "team-tourn"]
[EventRounds "11"]
[EventCountry "SVK"]
[SourceTitle "EXT 2009"]
[Source "ChessBase"]
[SourceDate "2008.11.26"]
[SourceVersion "1"]
[SourceVersionDate "2008.11.26"]
[SourceQuality "1"]

1. e4 c5 2. Nf3 e6 3. a3 a6 4. d4 cxd4 5. Nxd4 Qc7 6. Nc3 Nf6 7. Be2 b5 8. Qd3 Bb7 9. f3 d6 10. Be3 Nbd7 11. Rd1 d5 12. exd5 Nxd5 13. Nxd5 Bxd5 14. Qd2 Bb7 15. Nb3 Be7 16. Na5 Bd5 17. Bf4 Qb6 18. c4 bxc4 19. Bxc4 Nf6 20. Be3 Bc5 21. Bxc5 Qxc5 22. Rc1 Qe7 23. Bxa6 0-0 24. Bd3 Rfc8 25. Rxc8+ Rxc8 26. Ke2 Qc7 27. b4 Qe5+ 28. Kf2 Qd4+ 29. Ke2 Qe5+ 30. Kf2 Qd4+ 31. Qe3 Qb2+ 32. Kg3 g6 33. Rb1 Nh5+ 34. Kh3 Qf6 35. g3 Rc3 36. Kg2 Rxa3 37. Rd1 Qb2+ 38. Qd2 Ra2 39. Qxb2 Rxb2+ 40. Kh3 Bxf3 41. Rb1 Rd2 42. Bf1 f5 43. Rc1 Bg4+ 44. Kh4 h6 45. Rc8+ Kg7 46. Rc7+ Kf6 0-1

[Event "SVK-chT2D 0506"]
[Site "Slovakia"]
[Date "2006.02.12"]
[Round "9.4"]
[White "Korytko, Peter"]
[Black "Koval, Michal"]
[Result "1-0"]
[WhiteElo "2085"]
[BlackElo "2083"]
[PlyCount "81"]
[EventDate "2005.10.22"]
[EventType "tourn"]
[EventRounds "11"]
[EventCountry "SVK"]
[SourceTitle "EXT 2009"]
[Source "ChessBase"]
[SourceDate "2008.11.26"]
[SourceVersion "1"]
[SourceVersionDate "2008.11.26"]
[SourceQuality "1"]

1. e4 c5 2. Nc3 e6 3. f4 d6 4. Nf3 Nc6 5. Bc4 a6 6. a4 Nf6 7. Ba2 Qc7 8. d3 Be7 9. 0-0 Rb8 10. Kh1 0-0 11. Ne2 b5 12. axb5 axb5 13. Bd2 Bb7 14. Ng3 d5 15. c3 d4 16. cxd4 cxd4 17. Rc1 Qb6 18. f5 e5 19. Ng5 Nb4 20. Bxb4 Bxb4 21. Nxf7 Bd5 22. exd5 Kxf7 23. Rc6 Qd8 24. d6+ Ke8 25. d7+ Kxd7 26. Ra6 Bd6 27. Be6+ Ke7 28. Ra7+ Bc7 29. Qb3 Qd6 30. Rc1 Ne8 31. Qa2 Rf6 32. Ne4 Qb6 33. Ra6 Qb7 34. Nxf6 gxf6 35. Bd5 Qc8 36. Re6+ Kf8 37. Qa3+ Bd6 38. Rxe8+ Kxe8 39. Rxc8+ Rxc8 40. Qa1 Rc5 41. Be6 1-0

[Event "SVK-chT1E 0506"]
[Site "Slovakia"]
[Date "2006.02.05"]
[Round "9"]
[White "Hagara, Martin"]
[Black "Koval, Michal"]
[Result "1-0"]
[WhiteElo "2159"]
[BlackElo "2083"]
[PlyCount "77"]
[EventDate "2005.10.15"]
[EventType "team-tourn"]
[EventRounds "11"]
[EventCountry "SVK"]
[SourceTitle "EXT 2009"]
[Source "ChessBase"]
[SourceDate "2008.11.26"]
[SourceVersion "1"]
[SourceVersionDate "2008.11.26"]
[SourceQuality "1"]

1. e4 c5 2. Nf3 e6 3. d4 cxd4 4. Nxd4 a6 5. Nc3 Qc7 6. Be2 Nf6 7. Be3 Bb4 8. f3 Bxc3+ 9. bxc3 Qxc3+ 10. Kf2 d5 11. e5 Nfd7 12. f4 Nc6 13. Nb3 Qb4 14. Rc1 b5 15. Qd3 Bb7 16. Rb1 Qe7 17. a4 b4 18. c3 Rc8 19. Rhc1 0-0 20. cxb4 Nxb4 21. Qd2 Rxc1 22. Nxc1 a5 23. Nb3 Nc6 24. Nxa5 Nc5 25. Kg1 Ra8 26. Rxb7 Nxb7 27. Nxc6 Qa3 28. Bb5 h6 29. h3 Nc5 30. Bxc5 Qxc5+ 31. Qd4 Qc1+ 32. Kh2 g5 33. fxg5 hxg5 34. a5 Rc8 35. Ne7+ Kg7 36. Nxc8 Qxc8 37. a6 Qa8 38. Qb6 d4 39. Bc6 1-0

[Event "SVK-chT1E 0506"]
[Site "Slovakia"]
[Date "2006.01.14"]
[Round "7"]
[White "Mnich, Jozef"]
[Black "Koval, Michal"]
[Result "0-1"]
[WhiteElo "1956"]
[BlackElo "2083"]
[PlyCount "120"]
[EventDate "2005.10.15"]
[EventType "team-tourn"]
[EventRounds "11"]
[EventCountry "SVK"]
[SourceTitle "EXT 2009"]
[Source "ChessBase"]
[SourceDate "2008.11.26"]
[SourceVersion "1"]
[SourceVersionDate "2008.11.26"]
[SourceQuality "1"]

1. e4 c5 2. c3 e6 3. d4 d5 4. e5 Nc6 5. Nf3 Qb6 6. Be2 cxd4 7. cxd4 Nh6 8. b3 Nf5 9. Bb2 Bb4+ 10. Kf1 Bd7 11. g4 Nh6 12. h3 Be7 13. Ba3 f6 14. Bxe7 Kxe7 15. exf6+ gxf6 16. Nc3 a6 17. Na4 Qc7 18. Qc1 Nf7 19. Qc5+ Qd6 20. Rc1 Qxc5 21. Rxc5 Nd6 22. Nb6 Rad8 23. Kg2 Ne4 24. Rc2 Kd6 25. Rhc1 Be8 26. a3 h5 27. b4 Rg8 28. a4 hxg4 29. hxg4 Rxg4+ 30. Kf1 Rf4 31. b5 axb5 32. axb5 Ne7 33. Rc7 Rb8 34. Ke1 Ng5 35. Nd2 Rxd4 36. Nb3 Rb4 37. Na5 Nf5 38. Nxb7+ Ke5 39. Nc5 Bxb5 40. Bxb5 Nf3+ 41. Kf1 Rxb5 42. Nbd7+ Kf4 43. Nxe6+ Ke4 44. Nxb8 Rxb8 45. Nc5+ Kf4 46. Ne6+ Ke5 47. Ng7 N5d4 48. Kg2 Rg8 49. Re7+ Kf4 50. Rcc7 Rh8 51. Nh5+ Rxh5 52. Rh7 Rg5+ 53. Kh3 Ng1+ 54. Kh2 Ndf3+ 55. Kh1 Ne2 56. Rcg7 d4 57. Rxg5 fxg5 58. Kg2 d3 59. Rf7+ Kg4 60. Kf1 Nc3 0-1